000
00276nam a2200121Ia 4500
008
190216s9999||||xx |||||||||||||| ||und||
100
_a
Chandran S
245
0
_a
Stranger Than Fiction
260
_b
Blacke & Son
_c
1975
300
_a
95
650
_a
English Prose
942
_c
BK
999
_c
12621
_d
12621